000 00962pam a2200289 a 4500
001 015743785
003 OSt
005 20141223130109.0
008 110126t2011 at adk frb 001 0 eng d
020 _a9781111532819 (pbk.)
020 _a1111532818 (pbk.)
040 _aStDuBDS
_beng
_cStDuBDS
_dUk
_dEG-ScBUE
082 0 4 _a658.72
_222
_bSOU
245 0 0 _aSourcing and supply chain management /
_cRobert B. Handfield ... [et al.]
250 _a5th ed.,
_binternational ed.
260 _a[Canberra] :
_bSouth-Western Cengage Learning,
_cc.2011.
300 _axxxii, 848 p. :
_bcharts, forms, tables ;
_c26 cm.
500 _aPrevious ed. : 2009.
500 _aIndex : p. 827-848.
504 _aIncludes bibliographical references.
650 0 _aIndustrial procurement
_931015
650 0 _aBusiness logistics
_931004
653 _bBUSADM
_cDecember2014
655 _vreading book
_934232
700 1 _aHandfield, Robert B.
_937033
942 _2ddc
_k658.72 SOU
999 _c18818
_d18790